Doing qualitative research : the craft of naturalistic inquiry /

Bibliographic Details
Main Authors: Beuving, Joost (Author), Vries, G. C. de (Geert C.) (Author)
Corporate Author: ebrary, Inc
Format: eBook
Language:English
Published: Amsterdam, Netherlands : Amsterdam University Press, [2015]
Subjects:
Online Access:Connect to the full text of this electronic book

MARC

Tag First Indicator Second Indicator Subfields
LEADER 00000cam a2200000Li 4500
001 in00003599310
006 m o d
007 cr cn|||||||||
008 150211t20152015ne a ob 001 0 eng d
005 20260415203242.0
020 |z 9789089647658 
020 |a 9789048525522  |q electronic book 
020 |a 9048525527  |q electronic book 
020 |z 9789048525539  |q ePub 
020 |a 9781040795347  |q electronic book 
024 8 |a 40025382954 
035 |a (NhCcYBP)ebr11015733 
040 |a NhCcYBP  |c NhCcYBP  |d UtOrBLW 
050 4 |a H62  |b .B488 2015 
082 0 4 |a 300.72/1  |2 23 
100 1 |a Beuving, Joost,  |e author.  |0 http://id.loc.gov/authorities/names/n2015032362 
245 1 0 |a Doing qualitative research :  |b the craft of naturalistic inquiry /  |c Joost Beuving and Geert de Vries. 
264 1 |a Amsterdam, Netherlands :  |b Amsterdam University Press,  |c [2015] 
264 4 |c ©2015 
300 |a 1 online resource. 
336 |a text  |b txt  |2 rdacontent 
337 |a computer  |b c  |2 rdamedia 
338 |a online resource  |b cr  |2 rdacarrier 
504 |a Includes bibliographical references and indexes. 
588 |a Description based on online resource; title from PDF title page (ebrary, viewed February 10, 2015). 
500 |a Electronic resource. 
650 0 |a Qualitative research.  |0 http://id.loc.gov/authorities/subjects/sh99004969 
650 0 |a Social sciences  |x Research  |x Methodology.  |0 http://id.loc.gov/authorities/subjects/sh2008111864 
650 0 |a Naturalism.  |0 http://id.loc.gov/authorities/subjects/sh85090269 
655 7 |a Electronic books.  |2 local 
700 1 |a Vries, G. C. de  |q (Geert C.),  |e author.  |0 http://id.loc.gov/authorities/names/n93010910 
710 2 |a ebrary, Inc.  |0 http://id.loc.gov/authorities/names/no2007088509 
776 1 8 |i Print version:  |a Beuving, Joost.  |t Doing qualitative research : the craft of naturalistic inquiry.  |d Amsterdam, Netherlands : Amsterdam University Press, c2015  |h 220 pages  |z 9789089647658 
856 4 1 |u https://ebookcentral.proquest.com/lib/tamucs/detail.action?docID=1934288  |y Connect to the full text of this electronic book  |t 0 
955 |a YBP purchased approval e-records 
980 |b 55.49  |g 1 
987 |a ybp12261732 
999 f f |s f1038370-47f0-3ea8-ad47-f8476f17ad46  |i 414e8de6-41a0-3dbc-8341-d61f18b66c08  |t 0 
952 f f |a Texas A&M University  |b College Station  |c Electronic Resources  |s www_evans  |d Available Online  |t 0  |e H62 .B488 2015  |h Library of Congress classification 
998 f f |a H62 .B488 2015  |t 0  |l Available Online